Sports Quiz

Random Sports or Football Quiz
Score 0/15 Timer 05:00
48 Plays Today
% Correct
Portugal (Cristiano Ronaldo)
99.5%
Japan (Eiji Kawashima)
89.2%
Egypt (Mohamed Salah)
88.9%
South Korea (Park Ji-sung)
87.6%
Cote d'Ivoire (Didier Drogba)
85.8%
Poland (Robert Lewandowski)
85.8%
Croatia (Luka Modrić)
83.9%
Czechia (Petr Čech)
81.1%
% Correct
United States (Megan Rapinoe)
74.4%
Denmark (Christian Eriksen)
73.8%
Austria (David Alaba)
69%
Serbia (Nemanja Vidić)
65.5%
Gabon (Pierre-Emerick Aubameyang)
63.5%
Ukraine (Andriy Shevchenko)
62%
Israel (Yossi Benayoun)
48.9%

You're not logged in!

Compare scores with friends on all Sporcle quizzes.
OR
Log In

Sporcle TV

Today on Sporcle TV


Watch our educational content, quiz creation guides, and fun videos on Sporcle TV.

Show Comments

Extras

Top Quizzes Today


Score Distribution

Paid Content

Your Account Isn't Verified!

In order to create a playlist on Sporcle, you need to verify the email address you used during registration. Go to your Sporcle Settings to finish the process.

Report this User

Report this user for behavior that violates our Community Guidelines.

Details: